Catálogo

Psicología del desarrollo : (Registro nro. 31451)

Detalles MARC
000 -LEADER
fixed length control field 01846nam a2200397 i 4500
001 - CONTROL NUMBER
control field 31451
003 - CONTROL NUMBER IDENTIFIER
control field Mx-PuUPA
005 - DATE AND TIME OF LATEST TRANSACTION
control field 20260113105645.0
008 - FIXED-LENGTH DATA ELEMENTS--GENERAL INFORMATION
fixed length control field 140415s2019 mx a gr 001 0 spa d
020 ## - INTERNATIONAL STANDARD BOOK NUMBER
International Standard Book Number 9781456270018
Qualifying information ISBN-13
020 ## - INTERNATIONAL STANDARD BOOK NUMBER
International Standard Book Number 145627001
Qualifying information ISBN-10
040 ## - CATALOGING SOURCE
Transcribing agency Mx-PuUPA
Original cataloging agency Mx-PuUPA
Language of cataloging spa
Modifying agency Mx-PuUPA
Description conventions rda
041 1# - LANGUAGE CODE
Language code of text/sound track or separate title spa
Language code of original eng
100 1# - MAIN ENTRY--PERSONAL NAME
Personal name Papalia, Diane E.,
Relator term autor
9 (RLIN) 4923
240 10 - UNIFORM TITLE
Uniform title A Child's World: Infancy through Adolescence.
Language of a work Español
245 10 - TITLE STATEMENT
Title Psicología del desarrollo :
Remainder of title de la infancia a la adolescencia /
Statement of responsibility, etc. Diane E. Papalia, Sally Wendkos Olds, Ruth Duskin Feldman ; traductoras, Susana Margarita Olivares Bari y Gloria Estela Padilla Sierra
250 ## - EDITION STATEMENT
Edition statement Séptima edición /
Remainder of edition statement español
264 #1 - PRODUCTION, PUBLICATION, DISTRIBUTION, MANUFACTURE, AND COPYRIGHT NOTICE
Place of production, publication, distribution, manufacture Ciudad de México :
Name of producer, publisher, distributor, manufacturer McGraw-Hill/Interamericana Editores,
Date of production, publication, distribution, manufacture, or copyright notice ©2009
300 ## - PHYSICAL DESCRIPTION
Extent 1 volumen (paginación varia) :
Other physical details ilustraciones (blanco y negro) ;
Dimensions 27 cm
336 ## - CONTENT TYPE
Content type term texto
Fuente rdacontent
Content type code txt
337 ## - MEDIA TYPE
Media type term sin medio
Source rdamedia
Media type code c
338 ## - CARRIER TYPE
Carrier type term volumen
Source rdacarrier
Carrier type code cr
650 #7 - SUBJECT ADDED ENTRY--TOPICAL TERM
Source of heading or term armarc
Topical term or geographic name entry element Desarollo infantil
650 #7 - SUBJECT ADDED ENTRY--TOPICAL TERM
Source of heading or term armarc
Topical term or geographic name entry element Psicología infantil
650 #7 - SUBJECT ADDED ENTRY--TOPICAL TERM
Source of heading or term armarc
Topical term or geographic name entry element Adolescencia
700 1# - ADDED ENTRY--PERSONAL NAME
Personal name Wendkos Olds, Sally,
Relator term autor
700 1# - ADDED ENTRY--PERSONAL NAME
Personal name Feldman, Ruth Duskin,
Relator term autor
700 1# - ADDED ENTRY--PERSONAL NAME
Personal name Olivares Bari, Susana Margarita,
Relator term traductor
700 1# - ADDED ENTRY--PERSONAL NAME
Personal name Padilla Sierra, Gloria Estela,
Relator term traductor
765 1# - ORIGINAL LANGUAGE ENTRY
Main entry heading Papalia, Diane E.
Title A Child's World: Infancy through Adolescence
Edition 11a. edición
International Standard Book Number 0073531979
942 ## - ADDED ENTRY ELEMENTS (KOHA)
Source of classification or shelving scheme Dewey Decimal Classification
Koha item type Libro
Classification part 305.231
Item part P2318
Existencias
Withdrawn status Lost status Source of classification or shelving scheme Damaged status Not for loan Collection code Home library Current library Shelving location Date acquired Source of acquisition Cost, normal purchase price Total Checkouts Full call number Barcode Date last seen Cost, replacement price Price effective from Koha item type
    Dewey Decimal Classification     General Biblioteca Karol Wojtyla Biblioteca Karol Wojtyla Sala general 21/10/2025 1 911.00   305.231 P2318 2019 106143 19/01/2026 911.00 21/10/2025 Libro